00622nam a22002174a 450000500170000000800410001701000140005802000270007203500130009903700150011204000180012708200110014510000210015624500460017726000380022327000590026130000280032050000200034865000150036865000210038320080729164931.0080416s2008 waua 001 0 eng  aENG-91452 a97881313049792c250.00 aEN-74985 bDBAD / PUB aDPLbEnglish  a808.02 aMurty, K. Satya  aHow to write a book /cby K. Satya Murty  aNew Delhi bAPH Publishing c2009 a4435-36/7, Ansari Road, Daryaganj,bNew Delhi e110002 aviii, 89p. c23 cm (Hb) aIncludes index  aAuthorship aCreative writing